000 01085cam a22002772 4500
001 0000009063
005 20151217161140.0
008 080806s xx 000 0 eng d
020 _cDonation
040 _aKABU
_cKABU
245 1 0 _aKenya telephone directories :
_bofficiail Nairobi telephone directory.
260 _aNairobi :
_bKenya Postel Directories.
310 _aAnnual
500 _aLibrary has: 2005, 2006, 2007, 2008, 2010.
650 0 _aTelephone
_vDirectories.
_@0000160019
908 _a080806
950 _@1
999 _c15075
_d15075